ნორმალური ფორმატი
MARC ფორმატი
ჩანაწერი Personal Name
ჩანაწერთა რაოდენობა, რომელიც გამოყენებულია: 1
001 - CONTROL NUMBER
- control field: 19460
003 - CONTROL NUMBER IDENTIFIER
- control field: GE_BSU
005 - DATE AND TIME OF LATEST TRANSACTION
- control field: 20230720111946.0
008 - FIXED-LENGTH DATA ELEMENTS
- fixed length control field: 230720|| aca||aabn | a|a d
040 ## - CATALOGING SOURCE
- Original cataloging agency: GE_BSU
- Transcribing agency: GE_BSU
100 ## - HEADING--PERSONAL NAME
- Personal name:
- Relator term: გერგაული, გიორგი
- Dates associated with a name: სამეცნიერო რედაქტორი
670 ## - SOURCE DATA FOUND
- Source citation: Work cat.: (GE_BSU)60448: კუბლაშვილი, ბაია, ავტორი 19457, სწავლა-სწავლება უმაღლესი განათლების საფეხურზე :
